000 01281cam a22003134a 4500
001 13372011
005 20161001115702.0
008 031014s2005 maua b 001 0 eng
010 _a 2003066544
020 _a0072873876 (alk. paper)
020 _a0071111581 (international : alk. paper)
040 _aDLC
_cDLC
_dDLC
042 _apcc
050 0 0 _aHD58.7
_b.L88 2005
082 0 0 _aDC 658.4
_22005
_bL97o
100 1 _aLuthans, Fred.
245 1 0 _aOrganizational behavior/
_cFred Luthans.
250 _a10th edition
260 _aBoston:
_bMcGraw-Hill,
_cc2005.
300 _axix, 731 pages:
_bcolor illustrations;
_c26 cm.
504 _aIncludes bibliographical references and indexes.
650 0 _aOrganizational behavior.
856 4 2 _3Publisher description
_uhttp://www.loc.gov/catdir/description/mh051/2003066544.html
856 4 1 _3Table of contents
_uhttp://www.loc.gov/catdir/toc/mh041/2003066544.html
856 4 2 _3Contributor biographical information
_uhttp://www.loc.gov/catdir/enhancements/fy0737/2003066544-b.html
906 _a7
_bcbc
_corignew
_d1
_eocip
_f20
_gy-gencatlg
942 _2ddc
_cDC
999 _c4987
_d4987